Country Per Letter: Asia Quiz Stats

 Plays Quiz Updated Aug 20, 2019

Score 0/49 Timer 02:00
34 Plays Today
Letter Country % Correct
IIndia
96.7%
IIndonesia
96.7%
IIran
96.7%
IIraq
96.7%
IIsrael
96.7%
CCambodia
95.8%
CChina
95.8%
JJapan
92.6%
JJordan
92.6%
TTaiwan
87.5%
TTajikistan
87.5%
TThailand
87.5%
TTimor-Leste
87.5%
TTurkey
87.5%
TTurkmenistan
87.5%
SSaudi Arabia
87.4%
SSingapore
87.4%
SSouth Korea
87.4%
SSri Lanka
87.4%
SSyria
87.4%
MMalaysia
87%
MMaldives
87%
MMongolia
87%
MMyanmar
87%
LLaos
86.6%
Letter Country % Correct
LLebanon
86.5%
AAfghanistan
86.2%
AArmenia
86.1%
AAzerbaijan
86.1%
BBahrain
86.1%
BBangladesh
86.1%
BBhutan
86.1%
BBrunei
86.1%
QQatar
84.2%
OOman
83.5%
NNepal
82.8%
NNorth Korea
82.8%
PPakistan
81.6%
PPalestine
81.6%
PPhilippines
81.6%
KKazakhstan
79.9%
KKuwait
79.9%
KKyrgyzstan
79.9%
YYemen
78.2%
UUnited Arab Emirates
73.7%
UUzbekistan
73.7%
VVietnam
73.1%
RRussia
65.7%
GGeorgia
61.6%

You're not logged in!

Compare scores with friends on all Sporcle quizzes.
OR
Log In

Sporcle TV

Today on Sporcle TV


Watch our educational content, quiz creation guides, and fun videos on Sporcle TV.

Show Comments

Extras

Top Quizzes Today


Score Distribution

Your Account Isn't Verified!

In order to create a playlist on Sporcle, you need to verify the email address you used during registration. Go to your Sporcle Settings to finish the process.

Report this User

Report this user for behavior that violates our Community Guidelines.

Details: